000 00521nam a2200181Ia 4500
008 090124s9999 xx 000 0 und d
082 _b11340
100 _aगोगटे शकुंतला
245 _a अभिमान
250 _a0
260 _bप्रमोद प्रकाशन
_c1979
300 _a84
600 _aगोगटे शकुंतला
630 _a अभिमान
700 _aगोगटे शकुंतला
730 _a अभिमान
942 _cBOOK
999 _c85291
_d85291